LEADER 00855nam0 22003013i 450 001 996503771303316 005 20230118125409.0 100 $a20001127d1973----km y0itay5003 ba 101 2 $aita$cfre 102 $aIT 200 1 $aChe cosa ha veramente detto Barthes$fG. de Mallac, M. Eberbach 210 1 $aRoma$cUbaldini$d[1973] 215 $a133 p.$d19 cm 225 2 $aChe cosa hanno veramente detto$v48 300 $aTrad. di L. Menzio 410 0$aChe cosa hanno veramente detto$v48 500 10$aBarthes$91347038 606 0 $aBarthes, Roland$2BNCF 676 $a410.92 700 1$aMALLAC,$bGuy : de$0132292 701 1$aEBERBACH$bMargaret$0497836 801 0$aIT$bcba$gREICAT 912 $a996503771303316 951 $aIV.2. 177$b56258 L.M.$cIV.2.$d524077 959 $aBK 969 $aUMA 996 $aBarthes$91347038 997 $aUNISA LEADER 00873nam a2200217 i 4500 001 991004301438507536 005 20231219102128.0 008 231219s1971 fr e 000 0 fre d 040 $aBibl. Dip.le Aggr. Ingegneria Innovazione - Sez. Ingegneria Innovazione$bita 082 0 $a304.60 100 1 $aAriès, Philippe$0403228 245 00$aHistoire des populations françaises et leurs attitudes devant la vie depuis le 18. siècle /$cPhilippe Ariès 260 $aParis :$bÉditions du Seuil,$c1971 300 $a412 p.$c18 cm 490 1 $aPoints. Histoire ;$v3 651 7$aFrancia$xPopolazione$xStoria$ySec.19.-20. 651 7$aFrancia$xCiviltà$xStoria$ySec.19.-20. 830 0$aPoints.$pHistoire ;$v3 912 $a991004301438507536 996 $aHistoire des populations françaises et leurs attitudes devant la vie depuis le 18. siècle$93655218 997 $aUNISALENTO